<?xml version="1.0" encoding="UTF-8"?>
<collection xmlns="http://www.loc.gov/MARC21/slim">
  <record>
    <leader>00000nam  2200000   4500</leader>
    <controlfield tag="001">INLIS000000000007668</controlfield>
    <controlfield tag="005">20221029015812</controlfield>
    <datafield tag="035" ind1="#" ind2="#">
      <subfield code="a">0010-1022000171</subfield>
    </datafield>
    <datafield tag="245" ind1="1" ind2="#">
      <subfield code="a">Proses Fermentasi Biji Kakao pada PT. Mars Indonesia Site Noling :</subfield>
      <subfield code="b">Kuliah Kerja Praktek /</subfield>
      <subfield code="c">Musdalifah</subfield>
    </datafield>
    <datafield tag="100" ind1=" " ind2="#">
      <subfield code="a">MUSDALIFAH</subfield>
    </datafield>
    <datafield tag="250" ind1="#" ind2="#">
      <subfield code="a">2022</subfield>
    </datafield>
    <datafield tag="300" ind1="#" ind2="#">
      <subfield code="a">vii, 26 halaman :</subfield>
      <subfield code="b">gambar; tabel ;</subfield>
      <subfield code="c">20,5x29 cm</subfield>
      <subfield code="e">bibliografi;lampiran</subfield>
    </datafield>
    <datafield tag="856" ind1="#" ind2="#">
      <subfield code="a">OPAC (Rak LKKP TIA 2022)</subfield>
    </datafield>
    <datafield tag="260" ind1="#" ind2="#">
      <subfield code="a">Makassar :</subfield>
      <subfield code="b">Politeknik ATI Makassar-Teknik Industri Agro,</subfield>
      <subfield code="c">2022</subfield>
    </datafield>
    <datafield tag="082" ind1="#" ind2="#">
      <subfield code="a">(R)2022 LKKP-TIA 818</subfield>
    </datafield>
    <datafield tag="084" ind1="#" ind2="#">
      <subfield code="a">(R)2022 LKKP-TIA 818 MUS p</subfield>
    </datafield>
    <datafield tag="650" ind1="#" ind2="4">
      <subfield code="a">Laporan Praktek TIA 2022</subfield>
    </datafield>
    <datafield tag="990" ind1="#" ind2="#">
      <subfield code="a">219/LKKP TIA 2022</subfield>
    </datafield>
  </record>
</collection>
